Sabrina The Teenage Witch - Statistics

General Stats
  • This quiz has been taken 493 times
    408 since last reset
  • The average score is 12 of 36
Answer Stats
Hint Answer % Correct
What animal is Salem? A cat
95%
How old was Sabrina when she found out that she was a witch? 16
93%
What was the name of Sabrina's high school boyfriend? Harvey Kinkle
91%
Who does Sabrina end up running away with after walking out of her wedding? Harvey Kinkle
91%
Which relatives does she live with? Her aunts
88%
What were their names? Hilda and Zelda
83%
What year did the show start? 1996
75%
In the opening sequences of series 1-3, how many times does her clothes change? 4
75%
Which actress plays the title character? Melissa Joan Hart
74%
What subject does Mr Eugene Pool teach? Science
65%
In series 1, who is her first friend? Jenny
51%
In series 1, what does she turn Libby into on her first day at school? A pineapple
41%
In series 2, who is the new school vice principal? Mr Willard Kraft
41%
If a witch hunter finds out that you are a witch what animal do you get turned into? Mouse
25%
When there is a school trip to disneyworld, what does Valerie and Libby turn into after drinking Sabrina's potion? Zebras
24%
In series 2, when she fails her witch's license, where is she sent to? Witch Boot Camp
22%
What time did they first meet? 12:36pm
21%
What year did the show finish? 2003
21%
What state is the show set in? Massachusetts
21%
Who does Sabrina kiss thus ending her relationship with her boyfriend? Josh
18%
Who has the witch hunter gene at Sabrina's school? Brad Alcero
14%
In series 4, who does Sabrina mentor? Dreama
14%
What shop does Hilda buy after Sabrina goes to college? A coffee shop
13%
What is the name of Sabrina's shallow housemate? Morgan Cavanaugh
13%
Who provides the voice for Salem? Nick Bakay
11%
In series 3, Sabrina has to solve the family secret, what is it? Every member of the Spellman family is born with a twin
10%
In series 5, which college does Sabrina go to? Adams College
9%
Which actress plays Roxie King? Soleil Moon Frye
9%
In series 7, who does Sabrina get engaged to? Aaron Jacobs
7%
Salem loses a poker game against who? Diamond Dave
7%
What did he bet on? The family
6%
What is Sabrina's favourite phrase? Woohoo
5%
What magazine does Sabrina get a job at? Scorch magazine
4%
In series 6 finale, what happens to Sabrina when she is separated from her true love? She falls to pieces
4%
Who plays the character Valarie Berkhead? Lindsay Sloane
3%
What happens when Sabrina's boyfriend finds out she is a witch? They break up
3%
No matching quizzes found
Score Distribution
Percent of People with Each Score
Percentile by Number Answered
Your Score History
You have not taken this quiz since the last reset